Deadwater deep (Record no. 145519)

MARC details
000 -LEADER
fixed length control field 00490nam a2200181Ia 4500
008 - FIXED-LENGTH DATA ELEMENTS--GENERAL INFORMATION
fixed length control field 191130s2007##################000#0#eng##
020 ## - INTERNATIONAL STANDARD BOOK NUMBER
ISBN 9781847390325
082 ## - DEWEY DECIMAL CLASSIFICATION NUMBER
Classification number 823.914 STR
100 ## - MAIN ENTRY--AUTHOR NAME
Personal name Strong, Terence
245 ## - TITLE STATEMENT
Title Deadwater deep
Statement of responsibility, etc Terence Strong
260 ## - PUBLICATION, DISTRIBUTION, ETC. (IMPRINT)
Place of publication New York
Name of publisher Pocket Books
Year of publication 2007
300 ## - PHYSICAL DESCRIPTION
Number of Pages 549 p
650 ## - SUBJECT ADDED ENTRY--TOPICAL TERM
Topical Term Espionage, American -- China -- Fiction
991 ## -
-- 401596
Holdings
Withdrawn status Lost status Damaged status Not for loan Home library Current library Date acquired Full call number Accession Number Price effective from Koha item type
        Anna Centenary Library Anna Centenary Library 12.10.2020 823.914 STR 445923 12.10.2020 English Books

Find us on the map